Дело по отношению Министерства внутренних дел по вопросу о сложении недоимок свечного сбора с еврейских обществ Могилевской губе...

Доступно только в Электронных читальных залах Найти на картеНа карте
RUSMARC
00003778nmc2a22002413x 450
00163e407c6-7d65-43c9-a77b-15c2812fd7de
00520210825150912.0
100##$a20210316l18641866k l0rusy0189 ca
1010#$arus
102##$aRU
105##$ay###
1222#$ad
2001#$aДело по отношению Министерства внутренних дел по вопросу о сложении недоимок свечного сбора с еврейских обществ Могилевской губернии за время до 1853 года
$j21 сентября 1864 г. - 15 июня 1866 г.
215##$a19 л.
$d36,5х26 см
251##$cДело
300##$aДело
371##$aДокумент не является опубликованным и широко распространяемым
461#0$1001a74412a3-3cc5-4d21-8f0a-dfe2fbd9e72d
$12001
$aДепартамент народного просвещения Министерства народного просвещения (1803-1917)
$1251
$cФонд
$1852
$j733
462#0$1001208a61b7-2020-4ed4-afdc-eeb27c3654e1
$12001
$aДела Департамента народного просвещения по части образования евреев (1863-1892 гг.)
$1251
$cОпись
$1852
$j189
801#0$aRU
$bРГИА
$c20210316
$gRCR
801#1$aRU
$bГлавНИВЦ
$c20210316
$2rusmarc
801#2$aRU
$bПБ им. Б.Н. Ельцина
$c20210825
$gRCR
$2rusmarc
850##$aРГИА
852##$aРГИА
$eФедеральное казенное учреждение "Российский государственный исторический архив" (РГИА)
$j80
937##$hРГИА
$d12362371
$aASBIBLIO_SCAN
035##$aRusGRCC00025930
856##$uhttp://readingroom.main.prlib.ru/item.aspx?id_node=n167743612&mode=full
Формат отображения